000 00473nam a2200169 i 4500
001 94067
003 ES-MaACL
005 20230906181402.0
007 t|
008 050616s1970 sp ||||1| spa d
245 0 0 _aMédicos titulares /
_cCastaño López-Mesas ... [et al.].
260 _aMadrid :
_bPons,
_c1970.
300 _a5 v. ;
_c31 cm.
500 _aEjemplar a multicopista.
700 1 _aCastaño López-Mesas.
_936439
852 _aES-MaACL
_jC-42168-72
_bR.73558
999 _c94067
_d94067